header

Basil Wilson Duke, CSA (Record no. 130531)

MARC details
000 -LEADER
fixed length control field 01785nam a2200409 a 4500
082 04 - DEWEY DECIMAL CLASSIFICATION NUMBER
Classification number 973.7/42/092
-- B
100 1# - MAIN ENTRY--AUTHOR NAME
Personal name Matthews, Gary Robert,
245 10 - TITLE STATEMENT
Title Basil Wilson Duke, CSA
260 ## - PUBLICATION, DISTRIBUTION, ETC. (IMPRINT)
Place of publication Lexington :
Name of publisher University Press of Kentucky,
Year of publication c2005.
300 ## - PHYSICAL DESCRIPTION
Number of Pages xviii, 358 p. :
Other physical details ill., maps, ports.
650 #0 - SUBJECT ADDED ENTRY--TOPICAL TERM
Topical Term Generals
Topical Term Lawyers
Topical Term Legislators
700 1# - ADDED ENTRY--PERSONAL NAME
Personal name Ramage, James A.
856 40 - ELECTRONIC LOCATION AND ACCESS
Uniform Resource Identifier http://site.ebrary.com/lib/rucke/Doc?id=10495333

No items available.

© 2026 Rongo University
Contact us: librarian | system librarian | Rongo university